Fictional Characters Who Are Grey Quiz Stats

 Plays Quiz Updated Nov 19, 2015

Challenge
Share
Tweet
Score 0/15 Timer 05:00
5 Plays Today
Hint Answer % Correct
Tom
98.1%
Dumbo
97.5%
Bugs Bunny
96.8%
Tramp
89.2%
Thumper
88.3%
Eeyore
86.7%
Baloo
80.3%
Hades
65.7%
Hint Answer % Correct
Bender Bending Rodríguez
65.1%
Rocky
64.9%
The Iron Giant
64%
Babar the Elephant
60.1%
Astro
49.7%
Totoro
32.4%
Meeko
29.1%

You're not logged in!

Compare scores with friends on all Sporcle quizzes.
OR
Log In

You Might Also Like...

Show Comments

Extras

Top Quizzes Today


Score Distribution

Your Account Isn't Verified!

In order to create a playlist on Sporcle, you need to verify the email address you used during registration. Go to your Sporcle Settings to finish the process.

Report this User

Report this user for behavior that violates our Community Guidelines.

Details: